000 00490nam a2200193Ia 4500
003 OSt
005 20250805123815.0
008 250729s2005 xx 000 0 und d
020 _a978-8171418046
040 _cAL
041 _aeng
082 _a574.7 LAKM
100 _aLakshmi Gadde Bhuvaneshwara
_9220900
245 _aMethods of teching life science
260 _aNew Delhi
_bDiscovery Publishing House
_c2005
300 _a277p
650 _aScience
_9220901
942 _2ddc
_cBED
999 _c234776
_d234776